| 000 | 00970cab a2200289 4500 | ||
|---|---|---|---|
| 001 | ABS53067 | ||
| 008 | 090401t1995 xxu||||| |||| 00| 0 eng d | ||
| 035 | _a(Sirsi) u1722 | ||
| 041 | _aeng | ||
| 100 | _aPerry, J. | ||
| 245 | _aBalanced idea offers the best of both worlds | ||
| 260 | _c1995 | ||
| 350 | _a0 | ||
| 490 |
_aInside Housing _v12(24) 23 June 1995, 16-17(2) |
||
| 520 | _aReviews the radical proposals put forward by the Chartered Institute of Housing to facilitate investment in housing. "Challenging the conventions: public borrowing rules and housing investment" is available for loan from the RICS Library. | ||
| 650 | _aCIH | ||
| 650 | _aGENERAL GOVERNMENT FINANCIAL DEFICIT | ||
| 650 | _aGGFD | ||
| 650 | _aHOUSING AUTHORITIES | ||
| 650 | _aHOUSING CORPORATIONS | ||
| 650 | _aHOUSING INVESTMENT | ||
| 650 | _aPSBR | ||
| 650 | _aPUBLIC SECTOR BORROWING REQUIREMENT | ||
| 690 | _aHOUSING-FINANCE | ||
| 942 | _n0 | ||
| 948 | _c04/03/1997 | ||
| 999 |
_c986 _d986 |
||